Πραγματογνωμοσύνες 61 Μείζονες Υποθέσεις με Λύσεις (1980 - 2005) / Εγχειρίδιο για Αρχιτέκτονες και Πολιτικούς Μηχανικούς, Εκτιμητές, Μαθηματικούς, Νομικούς, Οικονομολόγους, Σύμβουλους Ακινήτων και Επιχειρήσεων, Τραπεζικούς (Record no. 5228)
[ view plain ]
| 000 -LEADER | |
|---|---|
| fixed length control field | 02510cam a22001814a 4500 |
| 005 - ΗΜΕΡΟΜΗΝΙΑ ΚΑΙ ΩΡΑ ΤΕΛΕΥΤΑΙΑΣ ΕΝΗΜΕΡΩΣΗΣ | |
| Πεδίο ελέγχου | 20250605164207.0 |
| 008 - FIXED-LENGTH DATA ELEMENTS--GENERAL INFORMATION | |
| Πεδίο ελέγχου σταθερού μήκους | 250528s ||||||||||||||||||||||||d |
| 035 ## - SYSTEM CONTROL NUMBER | |
| System control number | 20081 |
| 020 ## - ISBN | |
| ISBN | 9609250300 |
| 040 ## - ΠΗΓΗ ΚΑΤΑΛΟΓΟΓΡΑΦΗΣΗΣ | |
| Φορέας πρωτότυπης καταλογογράφησης | MC Athens Campus Library |
| Γλώσσα καταλογογράφησης | Ελληνικά, Μοντέρνα (1453-) |
| Modifying agency | MC Athens Campus Library |
| Κανόνες περιγραφικής καταλογογράφησης | AACR2 |
| 245 1# - ΤΙΤΛΟΣ ΚΑΙ ΔΗΛΩΣΗ ΥΠΕΥΘΥΝΟΤΗΤΑΣ | |
| Τίτλος | Πραγματογνωμοσύνες 61 Μείζονες Υποθέσεις με Λύσεις (1980 - 2005) / Εγχειρίδιο για Αρχιτέκτονες και Πολιτικούς Μηχανικούς, Εκτιμητές, Μαθηματικούς, Νομικούς, Οικονομολόγους, Σύμβουλους Ακινήτων και Επιχειρήσεων, Τραπεζικούς |
| 260 ## - PUBLICATION, DISTRIBUTION, ETC. | |
| Name of publisher, distributor, etc. | Ψηφιακές Εκτυπώσεις Copy Gr, |
| Date of publication, distribution, etc. | 2008 |
| 520 ## - SUMMARY, ETC. | |
| Summary, etc. | Επίτομη Επανέκδοση του συγγραφέα υπό την αιγίδα του Συλλόγου Πολιτικών Μηχανικών Ελλάδος. Βλάβες Κατοικίας από Εκρηκτικά, Εμβαδομέτρηση Διαμερίσματος, Έλεγχος Ποιότητας κι Εκτίμηση Ξυλουργικών και Υαλοπινάκων, Βλάβες Κατοικίας από Εκσκαφέας, Έλεγχος Υγρομόνωσης Ταράτσας, Πρόχειρη Εκτίμηση Οικοπέδου, Έλεγχος Επικάλυψης Στεγών, Ανεπάρκεια Κλιματισμού Επαγγελματικού Χώρου Εμπορικού Κέντρου, Ογκομέτρηση Σκελετού από Ο.Σ., Εκτίμηση Ιδιωτικού Νησιού με Εγκαταστάσεις, Διαίρεση Οικοπέδου, Εκτίμηση Νέου Συγκροτήματος Κατοικιών, Ιδανικές Επικαλύψεις Στεγών από Ο.Σ., Βαριές Βλάβες Διάστρωσηςε Δώματος Πολυκατοικίας, Στατική Ανεπάρκεια από Υπερφόρτιση/ Μετατροπές Μισθίου, Βέλτιστη Αξιοποίηση Οικοπέδου, Παραλαβή Κοινοχρήστων, Εκτίμηση Ακίνητης Περιουσίας, Δυνατές Επιφάνειες Στάθμευσης επί Οικοπέδου με Κτίρια, Αυτοψία Παράνομων Υπερβάσεων, Στατική Ανεπάρκεια-Κατάρευση Ξύλινου Υποστέγου. |
| 700 1# - ΠΡΟΣΘΕΤΗ ΑΝΑΓΡΑΦΗ--ΦΥΣΙΚΟ ΠΡΟΣΩΠΟ | |
| Personal name | Ηλιόπουλος Δημήτρης |
| 9 (RLIN) | 6135 |
| 942 ## - ADDED ENTRY ELEMENTS (KOHA) | |
| Koha item type | Books |
| Τύπος τεκμηρίου | Βιβλιοθήκη | Τρέχουσα τοποθεσία | Barcode | Αριθμός εισαγωγής | Ημερομηνία απόκτησης | Ταξιθετικό σύμβολο | Αριθμός αντιτύπου | Κατάσταση απόσυρσης | Κατάσταση χαμένου | Κατάσταση κατεστραμμένου | Μη δανεισμός | Σύνολο δανεισμών | Ημερομηνία τελευταίας εμφάνισης | Η τιμή ισχύει από |
|---|---|---|---|---|---|---|---|---|---|---|---|---|---|---|
| Books | MC Athens Campus Library | MC Athens Campus Library | 9780000052278 | 6298 | 05/06/2025 | REF 620.004 ILI | 1 | 05/06/2025 | 05/06/2025 |